<?xml version="1.0" encoding="UTF-8"?>
<collection xmlns="http://www.loc.gov/MARC21/slim">
 <record>
  <leader>02816nam a22003377a 4500</leader>
  <controlfield tag="001">NCT_64893</controlfield>
  <controlfield tag="008">190718b        xxu||||| |||| 00| 0 vie d</controlfield>
  <datafield tag="999" ind1=" " ind2=" ">
   <subfield code="c">3143</subfield>
   <subfield code="d">3143</subfield>
  </datafield>
  <datafield tag="020" ind1=" " ind2=" ">
   <subfield code="a">9786047362837</subfield>
   <subfield code="c">86000</subfield>
  </datafield>
  <datafield tag="082" ind1="0" ind2="4">
   <subfield code="2">23rd ed.</subfield>
   <subfield code="a">624.1834</subfield>
   <subfield code="b">T120/T.2</subfield>
  </datafield>
  <datafield tag="100" ind1="1" ind2=" ">
   <subfield code="a">Võ Bá Tầm</subfield>
  </datafield>
  <datafield tag="245" ind1="1" ind2="0">
   <subfield code="a">Kết cấu bêtông cốt thép :</subfield>
   <subfield code="b">Theo TCVN 5574-2012</subfield>
   <subfield code="n">Tập 2 </subfield>
   <subfield code="p">Cấu kiện nhà cửa </subfield>
   <subfield code="c">Võ Bá Tầm</subfield>
  </datafield>
  <datafield tag="250" ind1=" " ind2=" ">
   <subfield code="a">Tái bản lần thứ 8</subfield>
  </datafield>
  <datafield tag="260" ind1=" " ind2=" ">
   <subfield code="a">TP. Hồ Chí Minh</subfield>
   <subfield code="b">Đại học Quốc gia TP. Hồ Chí Minh</subfield>
   <subfield code="c">2018</subfield>
  </datafield>
  <datafield tag="300" ind1=" " ind2=" ">
   <subfield code="a">538 tr.</subfield>
   <subfield code="b">Hình vẽ</subfield>
   <subfield code="c">24cm</subfield>
  </datafield>
  <datafield tag="500" ind1=" " ind2=" ">
   <subfield code="a">ĐTTS ghi: Đại học Quốc gia Tp Hồ Chí Minh. Trường Đại học Bách Khoa</subfield>
  </datafield>
  <datafield tag="504" ind1=" " ind2=" ">
   <subfield code="a">Phụ lục: tr. 552-582. - Thư mục: tr. 583</subfield>
  </datafield>
  <datafield tag="520" ind1="3" ind2=" ">
   <subfield code="a">Trình bày những vấn đề lý thuyết tính toán, cấu tạo các kết cấu chính của công trình dân dụng và công nghiệp</subfield>
  </datafield>
  <datafield tag="653" ind1=" " ind2=" ">
   <subfield code="a">Kỹ thuật công trình xây dựng.</subfield>
  </datafield>
  <datafield tag="942" ind1=" " ind2=" ">
   <subfield code="2">ddc</subfield>
   <subfield code="c">BK</subfield>
  </datafield>
  <datafield tag="952" ind1=" " ind2=" ">
   <subfield code="0">0</subfield>
   <subfield code="1">0</subfield>
   <subfield code="2">ddc</subfield>
   <subfield code="4">0</subfield>
   <subfield code="6">624_183400000000000_T120_T_2</subfield>
   <subfield code="7">0</subfield>
   <subfield code="9">16947</subfield>
   <subfield code="a">000001</subfield>
   <subfield code="b">000001</subfield>
   <subfield code="d">2019-07-18</subfield>
   <subfield code="o">624.1834 T120/T.2</subfield>
   <subfield code="p">MD.16005</subfield>
   <subfield code="r">2019-07-18</subfield>
   <subfield code="v">86000.00</subfield>
   <subfield code="w">2019-07-18</subfield>
   <subfield code="y">BK</subfield>
  </datafield>
  <datafield tag="952" ind1=" " ind2=" ">
   <subfield code="0">0</subfield>
   <subfield code="1">0</subfield>
   <subfield code="2">ddc</subfield>
   <subfield code="4">0</subfield>
   <subfield code="6">624_183400000000000_T120_T_2</subfield>
   <subfield code="7">0</subfield>
   <subfield code="9">16948</subfield>
   <subfield code="a">000001</subfield>
   <subfield code="b">000001</subfield>
   <subfield code="d">2019-07-18</subfield>
   <subfield code="l">1</subfield>
   <subfield code="o">624.1834 T120/T.2</subfield>
   <subfield code="p">MD.16006</subfield>
   <subfield code="r">2020-06-03</subfield>
   <subfield code="s">2020-05-19</subfield>
   <subfield code="v">86000.00</subfield>
   <subfield code="w">2019-07-18</subfield>
   <subfield code="y">BK</subfield>
  </datafield>
  <datafield tag="952" ind1=" " ind2=" ">
   <subfield code="0">0</subfield>
   <subfield code="1">0</subfield>
   <subfield code="2">ddc</subfield>
   <subfield code="4">0</subfield>
   <subfield code="6">624_183400000000000_T120_T_2</subfield>
   <subfield code="7">0</subfield>
   <subfield code="9">16949</subfield>
   <subfield code="a">000001</subfield>
   <subfield code="b">000001</subfield>
   <subfield code="d">2019-07-18</subfield>
   <subfield code="o">624.1834 T120/T.2</subfield>
   <subfield code="p">MD.16007</subfield>
   <subfield code="r">2019-07-18</subfield>
   <subfield code="v">86000.00</subfield>
   <subfield code="w">2019-07-18</subfield>
   <subfield code="y">BK</subfield>
  </datafield>
  <datafield tag="952" ind1=" " ind2=" ">
   <subfield code="0">0</subfield>
   <subfield code="1">0</subfield>
   <subfield code="2">ddc</subfield>
   <subfield code="4">0</subfield>
   <subfield code="6">624_183400000000000_T120_T_2</subfield>
   <subfield code="7">0</subfield>
   <subfield code="9">16950</subfield>
   <subfield code="a">000001</subfield>
   <subfield code="b">000001</subfield>
   <subfield code="d">2019-07-18</subfield>
   <subfield code="o">624.1834 T120/T.2</subfield>
   <subfield code="p">MD.16008</subfield>
   <subfield code="r">2019-07-18</subfield>
   <subfield code="v">86000.00</subfield>
   <subfield code="w">2019-07-18</subfield>
   <subfield code="y">BK</subfield>
  </datafield>
  <datafield tag="952" ind1=" " ind2=" ">
   <subfield code="0">0</subfield>
   <subfield code="1">0</subfield>
   <subfield code="2">ddc</subfield>
   <subfield code="4">0</subfield>
   <subfield code="6">624_183400000000000_T120_T_2</subfield>
   <subfield code="7">0</subfield>
   <subfield code="9">16951</subfield>
   <subfield code="a">000001</subfield>
   <subfield code="b">000001</subfield>
   <subfield code="d">2019-07-18</subfield>
   <subfield code="l">1</subfield>
   <subfield code="o">624.1834 T120/T.2</subfield>
   <subfield code="p">MD.16009</subfield>
   <subfield code="r">2020-06-03</subfield>
   <subfield code="s">2020-05-19</subfield>
   <subfield code="v">86000.00</subfield>
   <subfield code="w">2019-07-18</subfield>
   <subfield code="y">BK</subfield>
  </datafield>
  <datafield tag="952" ind1=" " ind2=" ">
   <subfield code="0">0</subfield>
   <subfield code="1">0</subfield>
   <subfield code="2">ddc</subfield>
   <subfield code="4">0</subfield>
   <subfield code="6">624_183400000000000_T120_T_2</subfield>
   <subfield code="7">0</subfield>
   <subfield code="9">16952</subfield>
   <subfield code="a">000001</subfield>
   <subfield code="b">000001</subfield>
   <subfield code="d">2019-07-18</subfield>
   <subfield code="o">624.1834 T120/T.2</subfield>
   <subfield code="p">MD.16010</subfield>
   <subfield code="r">2019-07-18</subfield>
   <subfield code="v">86000.00</subfield>
   <subfield code="w">2019-07-18</subfield>
   <subfield code="y">BK</subfield>
  </datafield>
  <datafield tag="952" ind1=" " ind2=" ">
   <subfield code="0">0</subfield>
   <subfield code="1">0</subfield>
   <subfield code="2">ddc</subfield>
   <subfield code="4">0</subfield>
   <subfield code="6">624_183400000000000_T120_T_2</subfield>
   <subfield code="7">0</subfield>
   <subfield code="9">16953</subfield>
   <subfield code="a">000001</subfield>
   <subfield code="b">000001</subfield>
   <subfield code="d">2019-07-18</subfield>
   <subfield code="l">1</subfield>
   <subfield code="o">624.1834 T120/T.2</subfield>
   <subfield code="p">MD.16011</subfield>
   <subfield code="r">2020-07-30</subfield>
   <subfield code="s">2020-07-20</subfield>
   <subfield code="v">86000.00</subfield>
   <subfield code="w">2019-07-18</subfield>
   <subfield code="y">BK</subfield>
  </datafield>
  <datafield tag="952" ind1=" " ind2=" ">
   <subfield code="0">0</subfield>
   <subfield code="1">0</subfield>
   <subfield code="2">ddc</subfield>
   <subfield code="4">0</subfield>
   <subfield code="6">624_183400000000000_T120_T_2</subfield>
   <subfield code="7">0</subfield>
   <subfield code="9">16954</subfield>
   <subfield code="a">000001</subfield>
   <subfield code="b">000001</subfield>
   <subfield code="d">2019-07-18</subfield>
   <subfield code="o">624.1834 T120/T.2</subfield>
   <subfield code="p">MD.16012</subfield>
   <subfield code="r">2019-07-18</subfield>
   <subfield code="v">86000.00</subfield>
   <subfield code="w">2019-07-18</subfield>
   <subfield code="y">BK</subfield>
  </datafield>
  <datafield tag="952" ind1=" " ind2=" ">
   <subfield code="0">0</subfield>
   <subfield code="1">0</subfield>
   <subfield code="2">ddc</subfield>
   <subfield code="4">0</subfield>
   <subfield code="6">624_183400000000000_T120_T_2</subfield>
   <subfield code="7">0</subfield>
   <subfield code="9">16955</subfield>
   <subfield code="a">000001</subfield>
   <subfield code="b">000001</subfield>
   <subfield code="d">2019-07-18</subfield>
   <subfield code="l">1</subfield>
   <subfield code="m">1</subfield>
   <subfield code="o">624.1834 T120/T.2</subfield>
   <subfield code="p">MD.16013</subfield>
   <subfield code="r">2020-06-03</subfield>
   <subfield code="s">2020-05-11</subfield>
   <subfield code="v">86000.00</subfield>
   <subfield code="w">2019-07-18</subfield>
   <subfield code="y">BK</subfield>
  </datafield>
  <datafield tag="952" ind1=" " ind2=" ">
   <subfield code="0">0</subfield>
   <subfield code="1">0</subfield>
   <subfield code="2">ddc</subfield>
   <subfield code="4">0</subfield>
   <subfield code="6">624_183400000000000_T120_T_2</subfield>
   <subfield code="7">0</subfield>
   <subfield code="9">16956</subfield>
   <subfield code="a">000001</subfield>
   <subfield code="b">000001</subfield>
   <subfield code="d">2019-07-18</subfield>
   <subfield code="l">1</subfield>
   <subfield code="o">624.1834 T120/T.2</subfield>
   <subfield code="p">MD.16014</subfield>
   <subfield code="r">2020-07-20</subfield>
   <subfield code="s">2020-07-04</subfield>
   <subfield code="v">86000.00</subfield>
   <subfield code="w">2019-07-18</subfield>
   <subfield code="y">BK</subfield>
  </datafield>
  <datafield tag="980" ind1=" " ind2=" ">
   <subfield code="a">Thư viện Trường Đại học Nam Cần Thơ</subfield>
  </datafield>
 </record>
</collection>
